LEADER 01178cam1 22002891 450 001 SOBE00083286 005 20250527112900.0 100 $a20250527g19509999|||||ita|0103 ba 101 $aita 102 $aIT 200 1 $aDizionario etimologico italiano$fCarlo Battisti, Giovanni Alessio 210 $aFirenze$cG. Barbera 215 $avolumi$d22 cm 463 1$1001SOBE00083287$12000 $a1: A-Ca / Carlo Battisti, Giovanni Alessio 463 1$1001SOBE00083288$12000 $a2: Ca-Fa / Carlo Battisti, Giovanni Alessio 463 1$1001SOBE00083289$12000 $a3: Fa-Me / Carlo Battisti, Giovanni Alessio 463 1$1001SOBE00083290$12000 $a4: Me-Ra / Carlo Battisti, Giovanni Alessio 463 1$1001SOBE00083291$12000 $a5: Ra-Zu / Carlo Battisti, Giovanni Alessio 500 10$aDizionario etimologico italiano.$3IT\ICCU\MSE\0081364$9483904 700 1$aBattisti$b, Carlo <1882-1977>$3A600200037073$4070$0285301 701 1$aAlessio, Giovanni <1909-1984>$3A600200037074$4070$084780 801 0$aIT$bUNISOB$c20250527$gRICA 912 $aSOBE00083286 940 $aM 102 Monografia moderna SBN 941 $aM 996 $aDizionario etimologico italiano$9483904 997 $aUNISOB